[Event "Quebec Montcalm op 7 2018-19"]
[Site "Quebec"]
[Date "2019.05.16"]
[Round "4"]
[White "Sarra Bournet, Marc"]
[Black "Boissinot, Claude"]
[Result "1-0"]
[WhiteElo "1827"]
[BlackElo "1561"]
[PlyCount "59"]
[EventDate "2019.04.25"]
[EventType "swiss"]
[EventRounds "5"]
[EventCountry "CAN"]
[SourceTitle "EXT 2022"]
[Source "ChessBase"]
[SourceDate "2021.10.06"]
[SourceVersion "1"]
[SourceVersionDate "2021.10.06"]
[SourceQuality "1"]

1. e4 c5 2. Nc3 Nc6 3. f4 e6 4. Nf3 d6 5. Bb5 Bd7 6. 0-0 a6 7. Bxc6 Bxc6 8. f5 e5 9. d3 Nf6 10. Bg5 Be7 11. Ne2 0-0 12. Ng3 Qc7 13. c4 Rad8 14. Qe1 b5 15. b3 bxc4 16. bxc4 Rb8 17. Bxf6 Bxf6 18. Nh5 Qe7 19. Qg3 g6 20. Nxf6+ Qxf6 21. Nh4 g5 22. Nf3 h6 23. h4 Qg7 24. hxg5 hxg5 25. f6 Qg6 26. Nxg5 Rb2 27. Qh4 Rfb8 28. Rf3 Bd7 29. Rg3 Qxf6 30. Nh7+ 1-0

[Event "Ste Foy Euwe"]
[Site "Ste Foy"]
[Date "2019.01.12"]
[Round "1"]
[White "Sarra Bournet, Marc"]
[Black "Sirois, Eric"]
[Result "0-1"]
[WhiteElo "1905"]
[BlackElo "1770"]
[PlyCount "108"]
[EventDate "2019.01.12"]
[EventType "swiss"]
[EventRounds "5"]
[EventCountry "CAN"]
[SourceTitle "EXT 2022"]
[Source "ChessBase"]
[SourceDate "2021.10.06"]
[SourceVersion "1"]
[SourceVersionDate "2021.10.06"]
[SourceQuality "1"]

1. e4 c5 2. Nc3 e6 3. f4 Nc6 4. Bb5 Nge7 5. Nf3 Qc7 6. d3 a6 7. Ba4 b5 8. Bb3 g6 9. 0-0 Bg7 10. Qe1 0-0 11. a4 b4 12. Ne2 Bb7 13. Ng3 Na5 14. Ba2 Bc6 15. Bb1 d6 16. f5 exf5 17. exf5 Nd5 18. Ng5 Rae8 19. N5e4 Bd4+ 20. Kh1 Nc3 21. Bh6 Nxe4 22. Nxe4 d5 23. Bxf8 Kxf8 24. Qh4 dxe4 25. f6 h5 26. Qg5 Re6 27. Qh6+ Ke8 28. Qh8+ Kd7 29. Qf8 Rxf6 30. Rxf6 Bxf6 31. Qxf7+ Be7 32. Ba2 Qd6 33. Rd1 e3 34. Re1 b3 35. cxb3 Bd5 36. Qg7 Qf4 37. Qxg6 h4 38. h3 Qf2 39. Rg1 e2 40. Qg4+ Kc6 41. Qc8+ Kb6 42. Qb8+ Nb7 43. a5+ Kc6 44. Qe8+ Kd6 45. Qg6+ Bf6 46. Kh2 Qxg1+ 47. Kxg1 e1Q+ 48. Kh2 Qe5+ 49. Kg1 Qxb2 50. d4 Qxd4+ 51. Kh2 Qe5+ 52. Kg1 Qg5 53. Qc2 Bd4+ 54. Kh1 Qg3 0-1

[Event "Quebec Montcalm op 3 2018-19"]
[Site "Quebec"]
[Date "2018.12.13"]
[Round "5"]
[White "Sarra Bournet, Marc"]
[Black "Hines, Jason"]
[Result "1-0"]
[WhiteElo "1838"]
[BlackElo "1521"]
[PlyCount "105"]
[EventDate "2018.11.15"]
[EventType "swiss"]
[EventRounds "5"]
[EventCountry "CAN"]
[SourceTitle "EXT 2022"]
[Source "ChessBase"]
[SourceDate "2021.10.06"]
[SourceVersion "1"]
[SourceVersionDate "2021.10.06"]
[SourceQuality "1"]

1. e4 d6 2. d4 Nf6 3. Nc3 Nbd7 4. Nf3 e5 5. Bc4 h6 6. dxe5 dxe5 7. 0-0 c6 8. Qe2 Be7 9. Rd1 Qc7 10. Be3 Nf8 11. h3 g5 12. Nh2 Ng6 13. Ng4 Nxg4 14. hxg4 Nf4 15. Qf3 f6 16. g3 Nh3+ 17. Kg2 h5 18. gxh5 g4 19. Qe2 Rxh5 20. Bb3 b5 21. Nxb5 cxb5 22. Qxb5+ Bd7 23. Rxd7 Qxd7 24. Bf7+ Kd8 25. Qxd7+ Kxd7 26. Bxh5 Rg8 27. Bxa7 Rg5 28. Bxg4+ Rxg4 29. Kxh3 Rxe4 30. Be3 f5 31. a4 f4 32. gxf4 exf4 33. Rd1+ Kc6 34. Rd4 fxe3 35. Rxe4 exf2 36. Kg2 Bc5 37. Rc4 Kb6 38. Rxc5 Kxc5 39. a5 Kb5 40. b4 Ka6 41. c4 Kb7 42. b5 Ka7 43. c5 Kb7 44. Kxf2 Ka7 45. c6 Kb8 46. b6 Kc8 47. a6 Kb8 48. c7+ Kc8 49. a7 Kb7 50. a8Q+ Kxb6 51. c8Q Kb5 52. Qcc6+ Kb4 53. Qaa4# 1-0

[Event "Quebec Montcalm op 2 2018-19"]
[Site "Quebec"]
[Date "2018.10.11"]
[Round "1"]
[White "Boissinot, Claude"]
[Black "Sarra Bournet, Marc"]
[Result "0-1"]
[WhiteElo "1488"]
[BlackElo "1872"]
[PlyCount "60"]
[EventDate "2018.10.11"]
[EventType "swiss"]
[EventRounds "5"]
[EventCountry "CAN"]
[SourceTitle "EXT 2022"]
[Source "ChessBase"]
[SourceDate "2021.10.06"]
[SourceVersion "1"]
[SourceVersionDate "2021.10.06"]
[SourceQuality "1"]

1. e4 e5 2. Nf3 Nc6 3. Bc4 Bc5 4. b4 Bxb4 5. c3 Ba5 6. 0-0 Nf6 7. d4 exd4 8. cxd4 Nxe4 9. Ba3 d5 10. Bb5 Bd7 11. Qd3 a6 12. Bxc6 Bxc6 13. Rc1 Bb5 14. Qe3 Qf6 15. Nc3 Bc6 16. Ne5 Bxc3 17. Rxc3 Nxc3 18. Nxc6+ Qe6 19. Qxc3 Qxc6 20. Re1+ Kd8 21. Qh3 Re8 22. Rd1 Qe6 23. Qc3 Kd7 24. Rc1 Rac8 25. Bb4 b6 26. Qd2 a5 27. Bc3 Qg4 28. f3 Qf5 29. Qb2 Qd3 30. Qb3 Qe3+ 0-1

[Event "Quebec Montcalm op 7 2017-18"]
[Site "Quebec"]
[Date "2018.05.04"]
[Round "2"]
[White "Sarra Bournet, Marc"]
[Black "Girard Tremblay, Eliot"]
[Result "1-0"]
[WhiteElo "1801"]
[BlackElo "1426"]
[PlyCount "27"]
[EventDate "2018.04.26"]
[EventType "swiss"]
[EventRounds "5"]
[EventCountry "CAN"]
[SourceTitle "EXT 2022"]
[Source "ChessBase"]
[SourceDate "2021.10.06"]
[SourceVersion "1"]
[SourceVersionDate "2021.10.06"]
[SourceQuality "1"]

1. e4 c5 2. Nc3 Nc6 3. f4 d6 4. Nf3 g6 5. Bc4 Bg7 6. f5 a6 7. d3 b5 8. Bd5 Qb6 9. Ng5 Bxc3+ 10. bxc3 Nh6 11. 0-0 Bb7 12. fxg6 Ne5 13. gxf7+ Kf8 14. Ne6# 1-0

[Event "Quebec Montcalm op 2 2017-18"]
[Site "Quebec"]
[Date "2017.11.09"]
[Round "5"]
[White "Sarra Bournet, Marc"]
[Black "Lessard, Claude"]
[Result "0-1"]
[WhiteElo "1771"]
[BlackElo "2152"]
[PlyCount "84"]
[EventDate "2017.10.12"]
[EventType "swiss"]
[EventRounds "5"]
[EventCountry "CAN"]
[SourceTitle "EXT 2022"]
[Source "ChessBase"]
[SourceDate "2021.10.06"]
[SourceVersion "1"]
[SourceVersionDate "2021.10.06"]
[SourceQuality "1"]

1. e4 c6 2. d4 d5 3. Nc3 dxe4 4. Nxe4 Nf6 5. Nxf6+ gxf6 6. c3 e5 7. Be3 Be6 8. Nf3 Nd7 9. Be2 Rg8 10. g3 e4 11. Nh4 f5 12. Ng2 Bd6 13. Nf4 Nb6 14. Nxe6 fxe6 15. Bh5+ Kd7 16. Qb3 Qf6 17. 0-0-0 f4 18. gxf4 Bxf4 19. Rdf1 Raf8 20. Be2 Qh6 21. c4 Rg2 22. c5 Rxf2 23. Bxf4 R8xf4 24. Kd1 Rxf1+ 25. Rxf1 Rxf1+ 26. Bxf1 Nd5 27. Qxb7+ Nc7 28. h3 Qf6 29. Ba6 Qxd4+ 30. Ke2 Qe5 31. Ke3 Qxc5+ 32. Kxe4 Kd6 33. Qb8 Qf5+ 34. Kd4 c5+ 35. Kc3 Qxh3+ 36. Kc2 Qh2+ 37. Kb3 Qh3+ 38. Kc2 Qg2+ 39. Kc3 Qg3+ 40. Kc2 Qf2+ 41. Kc3 Qd4+ 42. Kc2 Qa4+ 0-1

[Event "Ste Foy Botwinnik"]
[Site "Ste Foy"]
[Date "2017.09.23"]
[Round "3"]
[White "Sarra Bournet, Marc"]
[Black "Lessard, Claude"]
[Result "0-1"]
[WhiteElo "1767"]
[BlackElo "2124"]
[PlyCount "100"]
[EventDate "2017.09.09"]
[EventType "swiss"]
[EventRounds "5"]
[EventCountry "CAN"]
[SourceTitle "EXT 2022"]
[Source "ChessBase"]
[SourceDate "2021.10.06"]
[SourceVersion "1"]
[SourceVersionDate "2021.10.06"]
[SourceQuality "1"]

1. e4 c6 2. d4 d5 3. Nc3 dxe4 4. Nxe4 Nf6 5. Nxf6+ gxf6 6. Be3 Qb6 7. Qc1 Bf5 8. c3 Qc7 9. Qd2 Nd7 10. Bd3 Bxd3 11. Qxd3 0-0-0 12. 0-0-0 e6 13. Ne2 Ne5 14. Qe4 Nc4 15. Bf4 Qa5 16. Kb1 Qb6 17. b3 Na3+ 18. Ka1 f5 19. Qd3 Rg8 20. g3 c5 21. Rc1 c4 22. bxc4 Qa6 23. Rhd1 Nxc4 24. Rb1 Qc6 25. Rb3 Be7 26. h4 b6 27. Rc1 Kb7 28. Rd1 Rd7 29. Bc1 Rc8 30. f4 Ka8 31. Ng1 Na5 32. Bb2 Nxb3+ 33. axb3 Rd5 34. c4 Ra5+ 35. Kb1 Qe4 36. Nf3 f6 37. Bc3 Ra3 38. Kb2 Ra6 39. d5 Ba3+ 40. Kc2 exd5 41. Bxf6 b5 42. Be5 bxc4 43. Qxe4 cxb3+ 44. Kxb3 fxe4 45. Nd4 Be7 46. Nf5 Rb6+ 47. Ka2 Rc5 48. Bb2 Bf6 49. Rd2 Ra5+ 50. Kb1 Rab5 0-1

[Event "Quebec op U2000"]
[Site "Ste Foy"]
[Date "2017.08.19"]
[Round "9.23"]
[White "Sarra Bournet, Marc"]
[Black "Potvin, Alain Nicolas"]
[Result "0-1"]
[WhiteElo "1793"]
[BlackElo "1838"]
[PlyCount "198"]
[EventDate "2017.08.12"]
[EventType "swiss"]
[EventRounds "9"]
[EventCountry "CAN"]
[SourceTitle "EXT 2022"]
[Source "ChessBase"]
[SourceDate "2021.10.06"]
[SourceVersion "1"]
[SourceVersionDate "2021.10.06"]
[SourceQuality "1"]

1. e4 d6 2. d4 Nf6 3. Nc3 g6 4. f4 Bg7 5. Nf3 0-0 6. Bd3 Na6 7. 0-0 c5 8. d5 Bg4 9. h3 Bxf3 10. Qxf3 Nb4 11. Be3 c4 12. Bxc4 Nxc2 13. Rac1 Nxe3 14. Qxe3 Rc8 15. Bb3 Qa5 16. e5 Nd7 17. exd6 exd6 18. Qe7 Qb6+ 19. Kh1 Nc5 20. Na4 Nxa4 21. Bxa4 Qxb2 22. Rxc8 Rxc8 23. Be8 Qf6 24. Qd7 Qd8 25. Qa4 Qe7 26. Bb5 a6 27. Bd3 Qe3 28. Qc2 Re8 29. f5 gxf5 30. Bxf5 Qg3 31. Bxh7+ Kh8 32. Qd3 Re1 33. Be4 Rxf1+ 34. Qxf1 Be5 35. Qg1 b5 36. Bc2 a5 37. Bb3 a4 38. Bc2 Kg7 39. Bb1 b4 40. Bc2 b3 41. Bb1 b2 42. Bc2 a3 43. Bb1 Qc3 44. g3 Qf3+ 45. Kh2 Qxd5 46. Qe3 Qa5 47. Qg5+ Kf8 48. Qh6+ Ke8 49. Qe3 Qb4 50. Qe2 Qc3 51. Qd3 Qe1 52. Kg2 Bxg3 53. Qe4+ Qxe4+ 54. Bxe4 Bh4 55. Kf3 d5 56. Bd3 Kf8 57. Kf4 Bf6 58. Kf5 Kg7 59. Kf4 Kh6 60. Kg4 Bd4 61. Bc2 Be3 62. Bb1 d4 63. Bd3 Kg7 64. Kf5 Bf2 65. Kg5 f6+ 66. Kf5 Kf7 67. Bc2 Ke7 68. Bb1 Bh4 69. Ke4 Bf2 70. Kd5 Kd7 71. Kc4 Ke6 72. Kb3 d3 73. Bxd3 Bc5 74. Kc4 Bf8 75. Kd4 f5 76. Ke3 Ke5 77. Bc2 Bh6+ 78. Kf3 f4 79. Bh7 Kd4 80. Ke2 Kc3 81. Bg6 b1Q 82. Bxb1 Kb2 83. Bg6 Kxa2 84. Bf7+ Kb2 85. Kf3 a2 86. Bxa2 Kxa2 87. h4 Kb3 88. Ke2 Kc3 89. Kf2 Kd4 90. Kf3 Ke5 91. Kf2 Ke4 92. Ke2 f3+ 93. Kf1 Kf4 94. Kf2 Kg4 95. h5 Bf4 96. h6 Bxh6 97. Kg1 Kg3 98. Kh1 Kf2 99. Kh2 Ke2 0-1

[Event "Quebec Montcalm op 7 2016-17"]
[Site "Quebec"]
[Date "2017.05.25"]
[Round "5"]
[White "Cummins, Paul"]
[Black "Sarra Bournet, Marc"]
[Result "1-0"]
[WhiteElo "1777"]
[BlackElo "1787"]
[PlyCount "70"]
[EventDate "2017.04.27"]
[EventType "swiss"]
[EventRounds "5"]
[EventCountry "CAN"]
[SourceTitle "EXT 2022"]
[Source "ChessBase"]
[SourceDate "2021.10.06"]
[SourceVersion "1"]
[SourceVersionDate "2021.10.06"]
[SourceQuality "1"]

1. e4 e5 2. Nf3 Nc6 3. Bc4 Bc5 4. c3 Nf6 5. d4 exd4 6. cxd4 Bb4+ 7. Nc3 Nxe4 8. 0-0 Bxc3 9. d5 Ne5 10. bxc3 Nxc4 11. Qd4 Ncd6 12. Qxg7 Qf6 13. Qxf6 Nxf6 14. Re1+ Kf8 15. Bh6+ Kg8 16. Re5 Nfe4 17. Re1 f6 18. Re7 Nf5 19. Re8+ Kf7 20. Rxh8 Nxh6 21. Rxe4 Ng8 22. Rxh7+ Kg6 23. Reh4 d6 24. Rxc7 Nh6 25. Rhc4 Bg4 26. Nh4+ Kh5 27. g3 Re8 28. f3 Bh3 29. Kf2 Re5 30. Rd4 f5 31. Rg7 Re8 32. Ng2 Ng4+ 33. fxg4+ Kh6 34. Rxb7 Bxg2 35. Kxg2 Re2+ 1-0